Seksualiti dalam novel melayu

Main Author: Mohd. Zariat Abdul Rani
Published: Bangi, Selangor: Penerbit Universiti Kebangsaan Malaysia, 2011.
Series:Siri Rampai Bahasa dan Sastere Melayu
Subjects:
LEADER 00746cam a2200217 7i4500
001 0000099919
005 20120715090000.0
008 120627s2011 my may
020 # 0 |a 9789679429961  
090 0 0 |a PL 5144 .N6   |b M6 2011 
100 0 # |a Mohd. Zariat Abdul Rani  
245 0 0 |a Seksualiti dalam novel melayu   |c Mohd. Zariat Abdul Rani. 
260 # # |a Bangi, Selangor:   |b Penerbit Universiti Kebangsaan Malaysia,   |c 2011. 
300 # # |a 515 p.;   |c 23 cm.. 
490 0 0 |a Siri Rampai Bahasa dan Sastere Melayu 
504 0 0 |a Includes bibliographical and index 
600 0 0 |a Malay fiction 
650 0 0 |a Sex role in literature  
650 0 0 |a Sex in literature  
650 0 0 |a Sex (psychology) in literature  
999 |a 1100085315  |b Book  |c Open Shelf  |e KOLEKSI TERBUKA